Liverpool Squad 18-19 Season - Statistics

General Stats
  • This quiz has been taken 157 times
  • The average score is 21 of 29
Answer Stats
Position Nationality Kit Number Answer % Correct
GK Brazil 13 Alisson
98%
DF Scotland 26 Robertson
94%
ATT Brazil 9 Firmino
93%
DF Cameroon 32 Matip
93%
ATT Egypt 11 Salah
93%
ATT Senegal 10 Mane
92%
DF Netherlands 4 Van Dijk
92%
DF Croatia 6 Lovren
90%
MF England 7 Milner
89%
DF England 12 Gomez
87%
MF England 14 Henderson
87%
DF England 66 Alexander-Arnold
84%
MF Brazil 3 Fabinho
84%
GK Belgium 22 Mignolet
84%
ATT Belgium 27 Origi
84%
MF Netherlands 5 Wijnaldum
84%
MF Guinea 8 Keita
82%
MF Switzerland 23 Shaqiri
79%
DF Spain 18 Moreno
74%
ATT England 15 Sturridge
72%
MF England 20 Lallana
66%
DF England 2 Clyne
65%
MF England 21 Oxlade-Chamberlain
60%
MF Serbia 50 Markovic
43%
ATT England 29 Solanke
41%
ATT England 24 Brewster
36%
MF Portugal 64 Camacho
25%
MF Spain 68 Chirivella
23%
GK Poland 73 Grabara
23%
No matching quizzes found
Score Distribution
Percent of People with Each Score
Percentile by Number Answered
Your Score History
You have not taken this quiz